Pohár si domov odniesli Ružomberčania

Bibliographic Details
Format: Article
Language:Slovak
PhysicalDescription:Fotogr.
ISSN:1210-2423
Subjects:

MARC

LEADER 00000nab a2200000 ar4500
001 vtls010266931
003 SK-MaSNL
005 20260303092805.0
008 110329c2011 xo wr|p|||||||000 b|slo
038 |a PPPK 
040 |a PPPKCL  |b slo  |c PPPKCL  |e AACR2 
041 0 |a slo 
044 |a xo  |c SK 
080 |a 796.332  |x (437.6+438)  |2 2001 
245 0 0 |a Pohár si domov odniesli Ružomberčania  |c [text a foto] (mdc) 
300 |b Fotogr. 
610 2 7 |a Aréna Poprad (Poprad, Slovensko)  |2 pppkcl  |9 1033822 
610 2 7 |a FAM Poprad  |2 pppkcl  |9 1086299 
611 2 7 |a Medzinárodný halový futbalový turnaj Slovensko-Poľského priateľstva  |d (2011 :  |c Poprad, Slovensko)  |2 pppkcl  |9 1102999 
648 7 |a 6.3.2011  |2 pppkcl  |9 1103000 
650 0 7 |a futbal  |2 pppkcl  |9 3291 
650 0 7 |a medzinárodné turnaje  |2 pppkcl  |9 29356 
651 7 |a Poprad (Slovensko)  |2 pppkcl  |9 20155 
773 0 |t Podtatranské noviny  |g Roč. LII, č. 15 (2011), s. 7  |x 1210-2423 
852 |a PPPK  |b KIS3GCP 
999 |c 1813022  |d 1814952